Local development benefits from staging major events

Salvato in:
Dettagli Bibliografici
Autore principale: Clark, Greg
Natura: Libro
Lingua:inglese
Pubblicazione: Paris OECD 2008
Soggetti:
Tags: Aggiungi Tag
Nessun Tag, puoi essere il primo ad aggiungerne!!

MARC

LEADER 00000nam$a2200000$$$4500
001 0084756
005 20240315120903.7
020 |a 978-92-64-04206-3 
041 0 |a eng 
044 |a FR 
245 1 0 |a Local development benefits from staging major events  |c Greg Clark 
264 1 |a Paris  |b OECD  |c 2008 
300 |a 180 s. 
500 |a Signatúra 828722 má v názve: ... "global" events (a nie: "major" events) 
610 2 0 |a šport 
610 2 0 |a hry 
610 2 0 |a kultúra 
610 2 0 |a svet 
610 2 0 |a súťaže 
610 2 0 |a príjmy mimoriadne 
610 2 0 |a príprava stavieb 
610 2 0 |a úžitok 
610 2 0 |a rozvoj hospodársky 
610 2 0 |a rozvoj investičný 
610 2 0 |a rozvoj regionálny 
610 2 0 |a globalizácia 
610 2 0 |a zisk ekonomický 
610 2 0 |a štúdie prípadové 
610 2 0 |a analýzy 
100 1 |a Clark, Greg